Word Ladder: '70s Billboard Hit Quiz Stats

 Plays Quiz Updated Sep 6, 2017

Score 0/12 Timer 01:30
1 Play Today
Clue 4-Letter Word % Correct
🎵 A newborn 🎵🎵BABY🎵
98.9%
Fictional 'Pig in the City'BABE
97.4%
Unclothed and uncoveredBARE
96.1%
Price-reduced shopping eventSALE
96.1%
IdenticalSAME
95.9%
A dull, uninteresting personBORE
95.6%
Batman actor ChristianBALE
95.4%
A bit of, but not allSOME
93.9%
The central part of somethingCORE
93.5%
🎵 To draw closer 🎵🎵COME🎵
90%
A pitcher's faux pas BALK
81.3%
🎵 The tail end of something 🎵🎵BACK🎵
75.4%

Today's Daily Dose

Missing Word
Arizona A-Z

Word Ladder
Greek Letters II

Get the Picture
US National Parks

You're not logged in!

Compare scores with friends on all Sporcle quizzes.
OR
Log In

You Might Also Like...

Show Comments

Extras

Top Quizzes Today


Score Distribution

Your Account Isn't Verified!

In order to create a playlist on Sporcle, you need to verify the email address you used during registration. Go to your Sporcle Settings to finish the process.

Report this User

Report this user for behavior that violates our Community Guidelines.

Details: